Invertebrate Fossils (Record no. 609607)

000 -LEADER
fixed length control field 00408nam a22001457a 4500
020 ## - INTERNATIONAL STANDARD BOOK NUMBER
International Standard Book Number 8123911394
040 ## - CATALOGING SOURCE
Transcribing agency NUST
082 ## - DEWEY DECIMAL CLASSIFICATION NUMBER
Classification number 560
Author Mark MOO
100 ## - MAIN ENTRY--PERSONAL NAME
Personal name Moore , Raymond .C
9 (RLIN) 40255
110 ## - MAIN ENTRY--CORPORATE NAME
Corporate name or jurisdiction name as entry element Lalicker ,Cecil .G , Fischer ,Alfred.G
9 (RLIN) 123404
245 ## - TITLE STATEMENT
Title Invertebrate Fossils
260 ## - PUBLICATION, DISTRIBUTION, ETC.
Place of publication, distribution, etc. New Delhi
Name of publisher, distributor, etc. CBS Publishers & Distributors,
Date of publication, distribution, etc. 2004.
650 ## - SUBJECT ADDED ENTRY--TOPICAL TERM
Topical term or geographic name entry element Invertebrate Fossils
9 (RLIN) 2437
942 ## - ADDED ENTRY ELEMENTS (KOHA)
Source of classification or shelving scheme
Koha item type Book

No items available.

© 2023 Central Library, National University of Sciences and Technology. All Rights Reserved.